000 00452nam a2200193Ia 4500
005 20240823035543.0
008 240823s9999||||xx |||||||||||||| ||und||
020 _a81-85618-86-5
041 _aENGLISH
082 _A822.33 N7
100 _aKurt Schlueter
245 4 _aThe two Gentlemen of Verona
250 _a1st
260 _c1997
_bCambridge University Pres
500 _aYES
650 _aNovel
_bEnglish
942 _cBK
999 _c200964
_d200964